'H' Logos Quiz Stats

 Plays Quiz Updated Jan 18, 2016

Also try: 'R' Logos
Challenge
Share
Tweet
Score 0/20 Timer 05:00
6 Plays Today
% Correct
Honda
97.9%
Harley-Davidson
93.9%
Hewlett-Packard
93.6%
Harry Potter
92.8%
Hyundai
89%
Hot Wheels
88.4%
History
87%
Hallmark
86.7%
Heineken
85.4%
Holiday Inn
84.7%
% Correct
The Home Depot
78.9%
Hilton Hotels
72.2%
The Hunger Games
68%
Heinz
62.5%
Hertz
61.8%
Haribo
61.5%
Harvard
58.7%
Hasbro
50.9%
Hoover
50.3%
Häagen-Dazs
42.4%

You're not logged in!

Compare scores with friends on all Sporcle quizzes.
OR
Log In

You Might Also Like...

Show Comments

Extras

Top Quizzes Today


Score Distribution

Your Account Isn't Verified!

In order to create a playlist on Sporcle, you need to verify the email address you used during registration. Go to your Sporcle Settings to finish the process.

Report this User

Report this user for behavior that violates our Community Guidelines.

Details: